<?xml version="1.0" encoding="UTF-8"?>
<collection xmlns="http://www.loc.gov/MARC21/slim">
 <record>
  <leader>01094pamaa2200241   4500</leader>
  <controlfield tag="001">0000046241</controlfield>
  <controlfield tag="005">20091102090000.0</controlfield>
  <controlfield tag="008">091102                             eng  </controlfield>
  <datafield tag="020" ind1="0" ind2="0">
   <subfield code="a">9789814217910 </subfield>
  </datafield>
  <datafield tag="090" ind1="0" ind2="0">
   <subfield code="a">RM666.H33 </subfield>
   <subfield code="b">HEA 2009</subfield>
  </datafield>
  <datafield tag="245" ind1="1" ind2="0">
   <subfield code="a">Health and beauty from the rainforest : </subfield>
   <subfield code="b">Malaysian traditions of ramuan  </subfield>
   <subfield code="c">editor-in-chief by Gerard Bodeker; </subfield>
   <subfield code="f">editors, Hood Salleh ... [et al.]; </subfield>
   <subfield code="f">editors, Hood Salleh ... [et al.]; </subfield>
   <subfield code="f">photographer, S.C. Shekar.</subfield>
  </datafield>
  <datafield tag="260" ind1="0" ind2="0">
   <subfield code="a">Singapore: </subfield>
   <subfield code="b">Editions Didier Millet, </subfield>
   <subfield code="c">2009.</subfield>
  </datafield>
  <datafield tag="300" ind1=" " ind2=" ">
   <subfield code="a">256 p.: </subfield>
   <subfield code="b">ill. (some col.), col. maps; </subfield>
   <subfield code="c">25 cm.</subfield>
  </datafield>
  <datafield tag="500" ind1="0" ind2="0">
   <subfield code="a">Includes index</subfield>
  </datafield>
  <datafield tag="650" ind1="0" ind2="0">
   <subfield code="a">Traditional medicine -- </subfield>
   <subfield code="x">Formulae, receipts, prescriptions -- </subfield>
   <subfield code="z">Malaysia </subfield>
  </datafield>
  <datafield tag="650" ind1="0" ind2="0">
   <subfield code="a">Rain forest plants -- </subfield>
   <subfield code="x">Therapeutic use -- </subfield>
   <subfield code="z">Malaysia </subfield>
  </datafield>
  <datafield tag="650" ind1="0" ind2="0">
   <subfield code="a">Malays (Asian people) -- </subfield>
   <subfield code="x">Medicine -- </subfield>
   <subfield code="x">Formulae, receipts, prescriptions </subfield>
  </datafield>
  <datafield tag="650" ind1="0" ind2="0">
   <subfield code="a">Malays (Asian people) -- </subfield>
   <subfield code="x">Health and hygiene -- </subfield>
   <subfield code="z">Malaysia </subfield>
  </datafield>
  <datafield tag="650" ind1="0" ind2="0">
   <subfield code="a">Beauty culture -- </subfield>
   <subfield code="z">Malaysia </subfield>
  </datafield>
  <datafield tag="700" ind1="1" ind2="1">
   <subfield code="a">Bodeker, </subfield>
   <subfield code="h">Gerard </subfield>
  </datafield>
  <datafield tag="700" ind1="1" ind2="1">
   <subfield code="a">Hood Salleh </subfield>
  </datafield>
  <datafield tag="700" ind1="1" ind2="1">
   <subfield code="a">Shekar, </subfield>
   <subfield code="h">S.C. </subfield>
  </datafield>
  <datafield tag="901" ind1=" " ind2=" ">
   <subfield code="u">www.edmbooks.com.sg</subfield>
  </datafield>
 </record>
</collection>
